Città in veneto - Statistics

Statistiche generali
  • Questo quiz è stato fatto 210 volte
  • Il punteggio medio è 13 su 25
Answers on the Grid
Answers color-coded by a green-red scale on the quiz's grid according to % correct below.
Adria
Salò
Prato
Pozzuoli
Monfredonia
Cortina d'Ampezzo
Asiago
Lazise
Soave
Este
Montebelluna
Arzignano
Bassano del Grappa
Belluno
Biella
Bra
Cervia
Cervignano
Civitavecchia
Conegliano
Feltre
Ferrara
Fidenza
Milano
Monopoli
Monselice
Pinerolo
Pordenone
Portogruaro
Rho
Rovigo
San Bonifacio
Schio
Teramo
Termoli
Treviso
Venezia
Verona
Vicenza
Tolfa
Ascoli
Montecchio Maggiore
Piove di Sacco
San Dona di Piave
Latisana
Levico
Alleghe
Riccione
Monterotondo
Voghera
 
Statistiche sulle risposte
Risposta % Corretto
Venezia
74%
Verona
74%
Vicenza
74%
Treviso
68%
Belluno
67%
Bassano del Grappa
65%
Rovigo
64%
Asiago
62%
Cortina d'Ampezzo
62%
Schio
59%
Conegliano
54%
Montebelluna
54%
San Dona di Piave
54%
Soave
54%
Monselice
48%
Portogruaro
48%
Feltre
45%
Montecchio Maggiore
45%
Lazise
43%
Piove di Sacco
43%
Arzignano
38%
Este
33%
Alleghe
32%
San Bonifacio
29%
Adria
26%
Nessun quiz corrispondente trovato
Distribuzione punteggi
Percentuale di utenti per punteggio
Percentile per numero di risposta
I tuoi punteggi nel tempo
Non hai fatto questo quiz